00263nam a22001217a 4500040000700000082000800007100001100015245006400026260001900090300001000109942000700119999001500126 cSK a338 aKEN A. aAgricultural policy in western europe and the united states aUSAbKENc1999 a233p. cEK c9641d9641